| 000 | 00000nam 2200000za 4500 |
| 001 | 9.614336 |
| 003 | CaOODSP |
| 005 | 20220825092418 |
| 007 | ta |
| 008 | 150406|1999||||xxc||||| f|0| 0 eng d |
| 020 | |a0-662-26671-4 |
| 040 | |aCaOODSP|beng |
| 043 | |an-cn--- |
| 086 | 1 |aEn153-97/1999-4-1E |
| 110 | 2 |aSt. Lawrence Centre. |
| 245 | 14|aThe contribution of agricultural activities to the deterioration of the St. Lawrence River |
| 260 | |aMontreal - Quebec : |bEnvironment Canada. |c1999. |
| 300 | |a15p. : |billus., map, tables ; |c22 cm. |
| 490 | 1 |aState of the St. Lawrence River |
| 504 | |aBibliography. |
| 563 | |aSoftcover |
| 590 | |a01-49|b2001-12-07 |
| 690 | 07|aWater pollution|2gcpds |
| 690 | 07|aAgriculture|2gcpds |
| 690 | 07|aRivers|2gcpds |
| 775 | 08|tLa contribution des activités agricoles à la détérioration du Saint-Laurent |w(CaOODSP)9.624693 |
| 776 | 0#|tThe contribution of agricultural activities to the deterioration of the St. Lawrence River |w(CaOODSP)9.571513 |
| 830 | #0|aState of the St. Lawrence River.|w(CaOODSP)9.514555 |